Power system analysis (Record no. 1347)

000 -LEADER
fixed length control field 00590nam a2200229 a 4500
001 - CONTROL NUMBER
control field 1347
003 - CONTROL NUMBER IDENTIFIER
control field BD-DhUET
008 - FIXED-LENGTH DATA ELEMENTS--GENERAL INFORMATION
fixed length control field 931008s1994 nyua 001 0 eng
020 ## - INTERNATIONAL STANDARD BOOK NUMBER
International Standard Book Number 0070585156
020 ## - INTERNATIONAL STANDARD BOOK NUMBER
International Standard Book Number 0071133380
040 ## - CATALOGING SOURCE
Original cataloging agency DLC
Transcribing agency DLC
Modifying agency BD-DhUET
082 00 - DEWEY DECIMAL CLASSIFICATION NUMBER
Classification number 623.19
Item number GRA/1994
100 1# - MAIN ENTRY--PERSONAL NAME
Personal name Grainger, John J.
245 10 - TITLE STATEMENT
Title Power system analysis
250 ## - EDITION STATEMENT
Edition statement 1st ed.
260 ## - PUBLICATION, DISTRIBUTION, ETC. (IMPRINT)
Place of publication, distribution, etc. New York
Name of publisher, distributor, etc. McGraw-Hill
Date of publication, distribution, etc. 1994
300 ## - PHYSICAL DESCRIPTION
Extent xix, 787 p.
Other physical details ill.
504 ## - BIBLIOGRAPHY, ETC. NOTE
Bibliography, etc Includes bibliographies
650 #0 - SUBJECT ADDED ENTRY--TOPICAL TERM
Topical term or geographic name as entry element Electric power systems-Management
700 1# - ADDED ENTRY--PERSONAL NAME
Personal name Stevenson, William D.
942 ## - ADDED ENTRY ELEMENTS (KOHA)
Koha item type General Book
Holdings
Koha full call number Koha date last borrowed Koha renewals Damaged status Date acquired Not for loan Koha item type Koha out on loan Sublocation or collection (holding branch) Koha issues (times borrowed) Withdrawn status Lost status Piece designation (barcode) Koha date last seen Copy number Source of classification or shelving scheme Shelving location Price effective from Koha normalized classification for sorting Location (home branch)
623.19/GRA/19942024-03-04  2014-09-03 General Book Central Library, BUET5  1039602024-06-011 Circulation section2014-09-03623_000000000000000_19GRA1994Central Library, BUET
623.19/GRA/19942019-05-06  2014-09-03 General Book Central Library, BUET1  1039612020-01-142 Circulation section2014-09-03623_000000000000000_19GRA1994Central Library, BUET
623.19/GRA/19942025-07-131 2014-09-03 General Book Central Library, BUET3  1039622025-11-033 Circulation section2014-09-03623_000000000000000_19GRA1994Central Library, BUET
623.19/GRA/19942019-10-21  2014-09-03 General Book Central Library, BUET1  1039632025-04-224 Circulation section2014-09-03623_000000000000000_19GRA1994Central Library, BUET
623.19/GRA/19942023-11-27  2014-09-03 General Book2023-12-11Central Library, BUET1  1039642023-11-275 Circulation section2014-09-03623_000000000000000_19GRA1994Central Library, BUET
623.19/GRA/1994   2014-09-03 General Book Central Library, BUET   1039652016-01-266 Circulation section2014-09-03623_000000000000000_19GRA1994Central Library, BUET
623.19/GRA/19942021-02-132 2014-09-03 General Book Central Library, BUET1  1039662021-12-137 Circulation section2014-09-03623_000000000000000_19GRA1994Central Library, BUET
623.19/GRA/19942022-02-06  2014-09-03 General Book2023-02-06Central Library, BUET2  1039672022-02-068 Circulation section2014-09-03623_000000000000000_19GRA1994Central Library, BUET
623.19/GRA/19942025-05-03  2014-09-03 General Book2025-05-17Central Library, BUET5  1039682025-05-039 Circulation section2014-09-03623_000000000000000_19GRA1994Central Library, BUET
623.19/GRA/1994   2015-06-21 Reading Item Central Library, BUET   895292015-06-2110 Reading section2015-06-21623_190000000000000_GRA_1994Central Library, BUET
623.19/GRA/1994   2015-06-21 Reading Item Central Library, BUET   911382015-06-2111 Reading section2015-06-21623_190000000000000_GRA_1994Central Library, BUET
623.19/GRA/1994   2015-07-02 Reading Item Central Library, BUET   907772015-07-0212 Reading section2015-07-02623_190000000000000_GRA_1994Central Library, BUET